The message of the Gita / (Record no. 38717)

MARC details
000 -LEADER
fixed length control field 00829nam a22002297a 4500
005 - DATE AND TIME OF LATEST TRANSACTION
control field 2010080206046.0
010 ## - LCCN (DPL NO)
LC control number ENG-97814
020 ## - INTERNATIONAL STANDARD BOOK NUMBER
International Standard Book Number 9788170589235
Terms of availability 185.00
035 ## - SYSTEM CONTROL NUMBER
System control number EN-81347
037 ## - SOURCE OF ACQUISITION
Source of stock number/acquisition DBAD/PUB
082 ## - DEWEY DECIMAL CLASSIFICATION NUMBER
Classification number 181.45
245 ## - TITLE STATEMENT
Title The message of the Gita /
Statement of responsibility, etc interpreted by Sri Aurobindo ; edited by Anilbaran roy
250 ## - EDITION STATEMENT
Edition statement 6th edition
260 ## - PUBLICATION, DISTRIBUTION, ETC. (IMPRINT)
Place of publication, distribution, etc Pondicherry
Name of publisher, distributor, etc Sri Aurobindo Ashram
Date of publication, distribution, etc 2009
270 ## - ADDRESS
Address Sri Aurobindo Ashram Publication Department
City Pondicherry
Postal code 605002
300 ## - PHYSICAL DESCRIPTION
Extent xiv,374p
Dimensions 21cm (pbk)
650 ## - SUBJECT ADDED ENTRY--TOPICAL TERM
Topical term or geographic name as entry element Bhaghwad Gita
700 ## - ADDED ENTRY--PERSONAL NAME
Personal name Aurobindo
9 (RLIN) 4360
700 ## - ADDED ENTRY--PERSONAL NAME
Personal name Roy, Anilbaran
9 (RLIN) 4361
942 ## - ADDED ENTRY ELEMENTS (KOHA)
Source of classification or shelving scheme Dewey Decimal Classification
Item type English Books
Classification part 181.45
Call number suffix MES
Holdings
Withdrawn status Lost status Not for loan Collection code Home library Current library Date acquired Source of acquisition Cost, normal purchase price Full call number Barcode Copy number Cost, replacement price Koha item type
    Not For Loan Non-fiction D.B.Act.Division D.B.Act.Division 02/08/2010 DBAD/PUB 185.00 181.45 MES EN-81347 1 185.00 English Books

© Delhi Public Library
Hit Counter
free hit counter